Bilecik Bilecik Bilecik Bilecik Bilecik

Visual basic ile yazılım geliştirme professional edition 4.0 16 ve 32 bit versiyonları için/ (Record no. 2129)

MARC details
000 -BAŞLIK
Sabit Uzunluktaki Kontrol Alanı 01089nam a22003257a 4500
001 - KONTROL NUMARASI
Control Dosyası 0002142
003 - KONTROL NUMARASI KİMLİĞİ
Kontrol Alanı KOHA_MİRAKIL
005 - EN SON İŞLEM TARİHİ ve ZAMANI
Kontrol Alanı 20260207001304.0
007 - FİZİKSEL TANIM SABİT ALAN - GENEL BİLGİ
Sabit uzunluklu kontrol alanı ta
008 - SABİT UZUNLUKTAKİ VERİ ÖGELERİ - GENEL BİLGİ
Sabit Alan 090218b1997 tu |||gr||||#0|||0|tur |
020 ## - ISBN - ULUSLARARASI STANDART KİTAP NUMARASI
Isbn 9754865833
040 ## - KATALOGLAMA KAYNAĞI
Özgün Kataloglama Kurumu TR-BiSEU
Kataloglama Dili tur
Çeviri Kurumu TR-BiSEU
Açıklama Kuralları rda
041 0# - DİL KODU
Metin ya da ses kaydının dil kodu tur
044 ## - YAYINLAYAN/ÜRETEN KURULUŞUN ÜLKE KODU
ISO country code tu
050 ## - SINIFLAMA ve YER NUMARASI
Sınıflama Numarası QA76.73
Yer Numarası .U97 1997
100 1# - KİŞİ ADI
Yazar Adı (Kişi adı) Uysal, Mithat.
245 1# - ESER ADI BİLDİRİMİ
Başlık Visual basic ile yazılım geliştirme professional edition 4.0 16 ve 32 bit versiyonları için/
Sorumluluk Bildirimi Mithat Uysal ; Mithat Uysal.
264 #1 - ÜRERİM, YAYIN, DAĞITIM ve TELİF BİLDİRİMİ
Yayın yeri İstanbul :
Yayınlayan Beta Basım Dağıtım
Yayın tarihi 1997
300 ## - FİZİKSEL TANIMLAMA
Sayfa, Cilt vb. 596 sayfa
336 ## - İÇERİK TÜRÜ
Content type term metin
Content type code txt
Source rdacontent
337 ## - MEDYA TÜRÜ
Media type term aracısız
Media type code n
Source rdamedia
338 ## - TAŞIYICI TÜRÜ
Carrier type term cilt
Carrier type code nc
Source rdacarrier
490 1# - DİZİ BİLDİRİMİ
Dizi Bildirimi Yayın no ;
Cilt Numarası 688 Bilgisayar dizisi ;
-- 104
500 ## - GENEL NOT
Genel Not Sırtaki adı: Microsoft Visual basic ile yazılım geliştirme
650 #0 - KONU BAŞLIĞI EK GİRİŞ - KONU TERİMİ
Konusal terim veya coğrafi ad BASIC (Bilgisayar program dili).
9 (RLIN) 4455
650 #0 - KONU BAŞLIĞI EK GİRİŞ - KONU TERİMİ
Konusal terim veya coğrafi ad BASIC (Computer program language).
9 (RLIN) 4299
830 1# - SERİ EK GİRİŞİ - TEKBİÇİM ESER ADI
Tekbiçim Başlık Yayın no ;
Volume number/sequential designation 688 Bilgisayar dizisi ;
-- 104
9 (RLIN) 1619
907 ## - LOCAL DATA ELEMENT G, LDG (RLIN)
a Bilgisayar
942 ## - EK GİRİŞ ÖGELERİ (KOHA)
Source of classification or shelving scheme Library of Congress Classification
Koha item type Book
Holdings
Materyal Türü Kalıcı Konum Mevcut Konum Raf Yeri Sınıflandırma Kaynağı Edinim Bilgisi Ana Konular Alt Konular Yer Numarası Demirbaş Numarası Fatura Tarihi Maliyet, Alış Fiyatı Maliyet, Yenileme Fiyatı Geri Çekilme Durumu Kayıp Durumu Hasarlı Durumu Kredi için değil Kayıt Tarih Toplam Ödünçverme Son Görülme Tarihi Son Kontrol Tarihi Genel / Bağış Notu
Book Prof. Dr. Azmi Özcan Kütüphanesi Prof. Dr. Azmi Özcan Kütüphanesi Birûni Salonu Library of Congress Classification Bağış BİLİM Matematik QA76.73 .U97 1997 0002142 13/08/2010 4.00 4.00         18/02/2009 3 05/12/2024 05/12/2024 Genel Bağış